000 00568nam a22001817a 4500
005 20140611150252.0
010 _aENG-110131
020 _a9788184302394
_c300.00
035 _aEN-93663
037 _bDBAD/PUB
082 _a181.46
100 _aNivedita
245 _aThe master as I saw him :
_cby Nivedita
_bpages from the life of Swami Vivekananda by his disciple, Nivedita of the Ramakrishna Mission /
260 _aNew Delhi
_bOcean Books
_c2013
270 _a4/19 Asaf Ali Road
_bNew Delhi
_e110002
300 _a240p.
_c22cm(Hb)
942 _2ddc
_cEN
_mNIV
_e181.46
999 _c84826
_d84826